000 02147cam a22003137i 4500
999 _c12224
_d12224
003 OSt
005 20231116160908.0
008 170623t20172017gw ab q 100 0deng d
020 _a9783869050010
040 _aBMSCA
041 _aeng
082 0 4 _a709.050
_223
245 0 0 _aCity light :
_bWolfgang Rang = Stadt Licht : Wolfgang Rang /
_cMichael Batz [and nineteen others].
246 3 1 _aStadt Licht
300 _a315 pages :
_billustrations (chiefly color), maps ;
_c27 x 30 cm
500 _a"This publication consists in part of papers presented as Lict.Dialog at the symposium Stadtlicht on 17 March 2016 on the occasion of the Luminale Frankfurt 2016 at the Frankfurt University of Applied Sciences and sponsored by the Department of Architecture, Structural Engineering and Geomatics ; it continues a discussion about light spaces first began in the publication Lichträume Light Space, Wolfgang Rang, Stuttgart, 2014."--Page 12.
504 _aIncludes filmography (pages 298-301).
520 8 _aThe goal of this book is to develop temporary light spaces that re-interpret the existing urban environment on a seasonal basis or over a cycle of several years. As a result, the city will literally appear in a new light. Strollers in the city streets will experience their familiar environment in a new way. Illuminated planes interlacing with planes made by linear fields of light beams will create immaterial material space experiences: still lifes of light within which one can move about and light choreographies that move barely noticeably, creating still lifes in motion.
546 _aParallel German and English texts.
600 1 0 _aRang, Wolfgang,
_d1949-
_vCongresses.
650 0 _aLight in art
_y21st century
_vCongresses.
650 0 _aCities and towns in art
_y21st century
_vCongresses.
700 1 _aBatz, Michael,
_d1951-
_eauthor.
710 2 _aFrankfurt University of Applied Sciences.
_bDepartment of Architecture, Structural Engineering and Geomatics,
_eissuing body.
711 2 _aStadtlicht
_d(2016 :
_cFrankfurt),
_jhost institution.
730 0 2 _aCity light.
730 0 2 _aCity light.
_lEnglish.
942 _2ddc